Statistiques concernant États des États-Unis avec la plus jeune population

Cliquez ici pour prendre le quiz!

Statistiques générales

  • Ce quiz a été pris 91 fois
  • Le résultat moyen est 7 sur 12

Statistiques - réponses

Âge moyenÉtat% Correct
36.5Californie
97%
34.7Texas
86%
36.8Géorgie
61%
36.8Colorado
59%
34.5Alaska
56%
36.8Louisiane
53%
31.0Utah
53%
36.7Kansas
48%
35.4Dakota du Nord
44%
36.3Idaho
42%
36.6Oklahoma
39%
36.5Nebraska
34%

Distribution des résultats

Percentile par nombre de réponses

% des personnes avec chaque résultat

Votre développement - résultats

Vous n’avez pas pris ce quiz